00395 2200157 4500001002100000008004100021035002000062245005100082100001900133250000600152260003500158084001400193082000800207650001000215990001200225INLIS000000000001543 ind  a0010-0125000041 aChairil Anwar: Sebuah PertemuancArief Budiman aBudiman, Arief a1 aJakarta :bWacana Bangsac2007 a800 ARI c a800 aFiksi a0715292